000 01058cam a22003133a 4500
001 16414613
003 LC
005 20160314110831.0
008 970317s1997 nyu 000 1 eng d
010 _a 97809484
020 _a9780440223870
035 _a(OCoLC)ocm36559608
040 _aEOW
_cEOW
_dECL
_dSVP
_dOCL
_dOCLCQ
_dDLC
050 0 0 _aPS 3564 .E9153
_b.N462 1997
082 _aFIC
_bN46d 1997
100 1 _aNewman, Christopher.
_920442
245 1 4 _aThe devil's own :
_ba novel /
_cby Christopher Newman ; based on a story by Kevin Jarre ; screenplay by David Aaron Cohen & Vincent Patrick and Kevin Jarre.
260 _aNew York :
_bDell Publishing,
_cc1997.
300 _a277 p. ;
_c18 cm.
500 _a"A Dell book."
562 _e1
655 7 _aMovie novels.
_2gsafd
_94383
655 7 _aSuspense fiction.
_2gsafd
_96032
700 1 _aJarre, Kevin.
_920443
710 2 _aCopyright Paperback Collection (Library of Congress)
_5DLC
_9705
906 _a7
_bcbc
_ccopycat
_d2
_encip
_f19
_gy-genrareb
942 _2lcc
_cBK
999 _c11506
_d11506